=LDR 00000nam 2200000 4500 =001 INLIS000000000006825 =005 20251114014253 =035 ##$$a 0010-1125000699 =007 ta =008 251114###########################0#eng## =082 ##$$a 355.033 =084 ##$$a 355.033 MOD =245 ##$$a Modernization and Security Indonesia's Experience /$c Badan Koordinasi Keluarga Berencana Nasional =260 ##$:$b Badan Koordinasi Keluarga Berencana Nasional =300 ##$$a 3 Hal : $b Ilus ; $c 21 =650 #4$$a Keluarga Berencana =856 ##$$a Perpustakaan Kemendukbangga